00546nam a2200193Ia 450000500170000000800410001702000150005808200210007310000160009424500320011026000350014230000160017765000160019365000120020965000130022194200060023495200970024099900150033720250320025735.0240331s9999 xx 000 0 und d a074561034X a302.2bBOU22547 aBourdieu, P 0aLanguage and Symbolic Power aCambridge,bPolity Pressc1992 aix, 302 p., aLinguistics aEconomy aPolitics cL 001040708LaWERCLbWERCLcSSCd2024-03-31l0o 302.2 BOUp2547r2024-03-31w2024-03-31yL c1105d1105